| 000 | 00323nam a22001337a 4500 | ||
|---|---|---|---|
| 020 | _a0-89747-039-7 | ||
| 082 | _a623.74752 SOR'S | ||
| 100 |
_aSQUADRON, SIGNAL _975063 |
||
| 245 | _aSOVIET PANZER IN ACTION | ||
| 260 |
_aUSA _bSQUADRON SIGNAL _c1973 |
||
| 300 | _a50P | ||
| 650 |
_aTANK SOVIET PANZER _975064 |
||
| 942 | _cBK | ||
| 999 |
_c580551 _d580551 |
||